[Event "Take 5 2026.03"]
[Site "Montreal CAN"]
[Date "2026.03.14"]
[Round "3.7"]
[White "Goldner, John"]
[Black "Ivanov Yuan, Maksim"]
[Result "0-1"]
[WhiteElo "1583"]
[BlackElo "1743"]
[WhiteFideId "-1"]
[BlackFideId "-1"]
[PlyCount "104"]
[GameId "2289088449161716"]
[EventDate "2026.03.13"]
[EventType "swiss"]
[EventRounds "5"]
[EventCountry "CAN"]

1. e4 e5 2. Nf3 Nc6 3. Bb5 a6 4. Ba4 Nf6 5. d3 b5 6. Bb3 Bc5 7. Nc3 d6 8. a4 Rb8 9. axb5 axb5 10. Bg5 h6 11. Bxf6 Qxf6 12. Nd5 Qd8 13. c3 O-O 14. h3 Re8 15. O-O Ne7 16. d4 Nxd5 17. Bxd5 exd4 18. cxd4 Bb6 19. Qd3 Be6 20. Bxe6 Rxe6 21. d5 Re8 22. Nd4 Qh4 23. Rae1 Ra8 24. Nf5 Qf4 25. g3 Qe5 26. Qxb5 Ra2 27. Re2 g6 28. Ne3 Ra5 29. Qc6 Qxe4 30. Rfe1 Qa4 31. Qxa4 Rxa4 32. b3 Rb4 33. Ng4 Rxe2 34. Rxe2 h5 35. Nf6+ Kg7 36. Nd7 Rxb3 37. Nxb6 cxb6 38. Rc2 Kf6 39. Rc7 Rb5 40. Rb7 g5 41. Kg2 g4 42. h4 Ke5 43. Rxf7 Kxd5 44. Rf5+ Kc4 45. Rf6 d5 46. Rf5 d4 47. Rf4 Re5 48. Rf6 b5 49. Rg6 d3 50. Rd6 Rd5 51. Rc6+ Kb3 52. Rc1 d2 0-1

[Event "Take 5 2026.03"]
[Site "Montreal CAN"]
[Date "2026.03.15"]
[Round "4.1"]
[White "Duval, Mathieu"]
[Black "Kraiouchkine, Nikita"]
[Result "0-1"]
[WhiteElo "1888"]
[BlackElo "2221"]
[WhiteFideId "-1"]
[BlackFideId "-1"]
[PlyCount "86"]
[GameId "2289088449161718"]
[EventDate "2026.03.13"]
[EventType "swiss"]
[EventRounds "5"]
[EventCountry "CAN"]

1. d4 d5 2. c4 c6 3. Nf3 Nf6 4. e3 Bf5 5. Nc3 a6 6. b3 e6 7. Bd3 Bb4 8. Qc2 Bxd3 9. Qxd3 Ne4 10. Bd2 f5 11. c5 Bxc3 12. Bxc3 Nd7 13. b4 O-O 14. g3 g5 15. Nd2 g4 16. h3 Ndf6 17. Nxe4 fxe4 18. Qe2 h5 19. O-O-O Qe8 20. hxg4 Nxg4 21. Rh4 Qg6 22. Rf1 Rf3 23. Be1 Raf8 24. Rfh1 R8f5 25. Qd1 Qg5 26. a4 Kf7 27. Kb1 Kg6 28. b5 axb5 29. axb5 cxb5 30. Qe2 Qe7 31. Qxb5 Nf6 32. Qb6 Qd7 33. Qb4 Rg5 34. Rf4 Kf7 35. Kb2 Rf5 36. Kb3 R5xf4 37. gxf4 Kg6 38. Qa5 Ng4 39. Kb4 Nf6 40. Qa8 Ne8 41. Qb8 Nf6 42. Qh8 Qg7 43. Qd8 Kf5 0-1

[Event "Take 5 2026.03"]
[Site "Montreal CAN"]
[Date "2026.03.15"]
[Round "4.2"]
[White "Robillard, Guillaume"]
[Black "Kiryakov, Marin"]
[Result "0-1"]
[WhiteElo "1689"]
[BlackElo "1816"]
[WhiteFideId "-1"]
[BlackFideId "-1"]
[PlyCount "70"]
[GameId "2289088449161719"]
[EventDate "2026.03.13"]
[EventType "swiss"]
[EventRounds "5"]
[EventCountry "CAN"]

1. e4 c5 2. Nf3 e6 3. d4 cxd4 4. Nxd4 Nf6 5. Nc3 Nc6 6. g3 a6 7. Bg2 Qc7 8. Nb3 Bb4 9. O-O O-O 10. Ne2 b5 11. c3 Be7 12. h3 Rb8 13. Kh2 Bb7 14. f4 e5 15. f5 b4 16. cxb4 Nxb4 17. Nc3 d5 18. exd5 Rfd8 19. Bg5 Nfxd5 20. Bxe7 Qxe7 21. Qe2 Nxc3 22. bxc3 Bxg2 23. Kxg2 Nd3 24. f6 gxf6 25. Rf5 Qe6 26. Qg4+ Kh8 27. Kh2 e4 28. Nd4 Ne5 29. Qxe4 Rb2+ 30. Kh1 Qd5 31. Qxd5 Rxd5 32. Rxf6 Kg7 33. Rxa6 Rxd4 34. Rg1 Nf3 35. Rf1 Rdd2 0-1

[Event "Take 5 2026.03"]
[Site "Montreal CAN"]
[Date "2026.03.15"]
[Round "4.3"]
[White "Nassif, Aba"]
[Black "Di Matteo, Alessio"]
[Result "1-0"]
[WhiteElo "2003"]
[BlackElo "2001"]
[WhiteFideId "-1"]
[BlackFideId "-1"]
[PlyCount "77"]
[GameId "2289088449161720"]
[EventDate "2026.03.13"]
[EventType "swiss"]
[EventRounds "5"]
[EventCountry "CAN"]

1. e4 c5 2. Nf3 e6 3. d3 d5 4. Nbd2 Nf6 5. g3 Nc6 6. Bg2 Be7 7. O-O O-O 8. Re1 Re8 9. h4 h6 10. e5 Nd7 11. Nf1 b5 12. Bf4 a5 13. Qd2 Bf8 14. g4 a4 15. Ng3 Qa5 16. Qe2 a3 17. b3 Qb4 18. c4 bxc4 19. bxc4 dxc4 20. Qe4 Ra6 21. Rab1 Qa4 22. dxc4 Nb4 23. Re2 Qc6 24. Qe3 Nb6 25. Rc1 Rd8 26. Rc3 Qc7 27. g5 Rd1+ 28. Kh2 hxg5 29. Nxg5 Bb7 30. N3e4 Be7 31. Qg3 Bxg5 32. Qxg5 Bxe4 33. Bxe4 g6 34. Bxg6 Kf8 35. Qf6 Ke8 36. Bh5 Ra8 37. Qxe6+ Kf8 38. Bh6+ Kg8 39. Bxf7+ 1-0

[Event "Take 5 2026.03"]
[Site "Montreal CAN"]
[Date "2026.03.15"]
[Round "4.4"]
[White "Pomerantz, Daniel"]
[Black "Turcotte, Jonathan"]
[Result "1-0"]
[WhiteElo "1989"]
[BlackElo "1971"]
[WhiteFideId "-1"]
[BlackFideId "-1"]
[PlyCount "113"]
[GameId "2289088449161721"]
[EventDate "2026.03.13"]
[EventType "swiss"]
[EventRounds "5"]
[EventCountry "CAN"]

1. e4 c6 2. d4 d5 3. e5 Bf5 4. Nf3 e6 5. Be2 c5 6. c3 Nc6 7. O-O Bg6 8. Be3 cxd4 9. Nxd4 Nge7 10. f4 Nxd4 11. cxd4 h5 12. Nc3 Nc6 13. Rc1 Rc8 14. Na4 h4 15. Bg4 Qd7 16. Nc5 Bxc5 17. Rxc5 Ne7 18. Rxc8+ Nxc8 19. f5 Bxf5 20. Bxf5 exf5 21. Qf3 Ne7 22. Bg5 Nc6 23. Qc3 Qe6 24. b4 Rh5 25. Bc1 h3 26. g3 Nd8 27. b5 Qb6 28. a4 Kf8 29. Ba3+ Kg8 30. Bc5 Qg6 31. Qf3 b6 32. Qxd5 Ne6 33. Bb4 f4 34. Be1 Rg5 35. Kh1 fxg3 36. Bxg3 Rg4 37. Qa8+ Kh7 38. Qf3 Nxd4 39. Qd5 Qd3 40. Re1 Qd2 41. e6 Qg2+ 42. Qxg2 hxg2+ 43. Kxg2 Nxe6 44. Rd1 Nc5 45. a5 bxa5 46. Kf3 Rb4 47. Bb8 Rxb5 48. Bxa7 a4 49. Ra1 Nb7 50. Rxa4 Ra5 51. Rh4+ Kg8 52. Bb8 Nc5 53. Bg3 Ne6 54. Rb4 g6 55. Rc4 Kg7 56. Be1 f5 57. Bxa5 1-0

[Event "Take 5 2026.03"]
[Site "Montreal CAN"]
[Date "2026.03.15"]
[Round "4.5"]
[White "Vlasov, Alexander"]
[Black "Sychev, Danila"]
[Result "1-0"]
[WhiteElo "1741"]
[BlackElo "1584"]
[WhiteFideId "-1"]
[BlackFideId "-1"]
[PlyCount "69"]
[GameId "2289088449161722"]
[EventDate "2026.03.13"]
[EventType "swiss"]
[EventRounds "5"]
[EventCountry "CAN"]

1. e4 c5 2. Nf3 Nc6 3. d4 cxd4 4. Nxd4 e6 5. Nc3 Nf6 6. a3 d5 7. Nxc6 bxc6 8. exd5 cxd5 9. Bd3 Be7 10. O-O O-O 11. Bf4 Bd6 12. Bg5 Rb8 13. Rb1 h6 14. Bh4 Bd7 15. Qf3 Re8 16. Rfe1 Bc6 17. h3 Ba8 18. Nb5 Be7 19. Bg3 d4 20. Qe2 Rb7 21. Be5 Bc5 22. b4 Qd5 23. Bxf6 Rxb5 24. Qg4 Bf8 25. Bxb5 Qxb5 26. Bxd4 h5 27. Qg3 Qd5 28. c3 f6 29. Bxf6 Qf5 30. Bd4 g6 31. Rbd1 Bg7 32. Bxg7 Kxg7 33. Rd7+ Kh6 34. Re5 Qb1+ 35. Kh2 1-0

[Event "Take 5 2026.03"]
[Site "Montreal CAN"]
[Date "2026.03.15"]
[Round "4.6"]
[White "Lillo, Matteo"]
[Black "Goldner, John"]
[Result "1-0"]
[WhiteElo "1683"]
[BlackElo "1583"]
[WhiteFideId "-1"]
[BlackFideId "-1"]
[PlyCount "89"]
[GameId "2289088449161723"]
[EventDate "2026.03.13"]
[EventType "swiss"]
[EventRounds "5"]
[EventCountry "CAN"]

1. e4 c5 2. Nf3 Nc6 3. c3 d5 4. exd5 Qxd5 5. Na3 Bg4 6. Nc4 Bxf3 7. Qxf3 Qxf3 8. gxf3 e5 9. a4 Nf6 10. Bd3 Rd8 11. Be4 Nxe4 12. fxe4 Be7 13. Ke2 O-O 14. d3 f5 15. exf5 Rxf5 16. Be3 Rdf8 17. Ra3 Nd4+ 18. cxd4 cxd4 19. Rb3 dxe3 20. fxe3 b6 21. Rb5 Bc5 22. Kd2 R8f6 23. Kc3 Rc6 24. a5 a6 25. Rxb6 Bxb6 26. axb6 Rf7 27. Kb4 Rf8 28. b3 Rb8 29. Ka5 Ra8 30. d4 exd4 31. exd4 Rg6 32. d5 Rg5 33. Rd1 Rd8 34. Kxa6 Rgxd5 35. Rxd5 Rxd5 36. b7 Rd8 37. Ka7 Rd7 38. Ka8 Rd8+ 39. b8=R Rxb8+ 40. Kxb8 g5 41. Kc7 h5 42. b4 g4 43. b5 h4 44. Ne3 h3 45. Nxg4 1-0

[Event "Take 5 2026.03"]
[Site "Montreal CAN"]
[Date "2026.03.15"]
[Round "5.1"]
[White "Kraiouchkine, Nikita"]
[Black "Pomerantz, Daniel"]
[Result "1-0"]
[WhiteElo "2221"]
[BlackElo "1989"]
[WhiteFideId "-1"]
[BlackFideId "-1"]
[PlyCount "65"]
[GameId "2289088449161724"]
[EventDate "2026.03.13"]
[EventType "swiss"]
[EventRounds "5"]
[EventCountry "CAN"]

1. e4 c5 2. Nf3 Nc6 3. Bb5 e6 4. O-O Nge7 5. Re1 a6 6. Bf1 d5 7. exd5 Nxd5 8. d4 Be7 9. c4 Nf6 10. dxc5 Qxd1 11. Rxd1 Bxc5 12. Nc3 O-O 13. a3 e5 14. b4 e4 15. bxc5 exf3 16. gxf3 Be6 17. Bf4 Rfd8 18. Bd6 Ne8 19. Nd5 Nxd6 20. cxd6 Ne5 21. Be2 Bxd5 22. Rxd5 f6 23. Rb1 Rab8 24. c5 g5 25. Bxa6 Kf7 26. Rxb7+ Ke6 27. Rd1 Ra8 28. Re7+ Kf5 29. Bb7 Rxa3 30. c6 Nxf3+ 31. Kg2 Kf4 32. c7 Nh4+ 33. Kf1 1-0

[Event "Take 5 2026.03"]
[Site "Montreal CAN"]
[Date "2026.03.15"]
[Round "5.2"]
[White "Robillard, Guillaume"]
[Black "Duval, Mathieu"]
[Result "0-1"]
[WhiteElo "1689"]
[BlackElo "1888"]
[WhiteFideId "-1"]
[BlackFideId "-1"]
[PlyCount "98"]
[GameId "2289088449161725"]
[EventDate "2026.03.13"]
[EventType "swiss"]
[EventRounds "5"]
[EventCountry "CAN"]

1. e4 c6 2. d4 d5 3. f3 dxe4 4. fxe4 e5 5. Nf3 exd4 6. Bc4 Bb4+ 7. c3 dxc3 8. Bxf7+ Ke7 9. Qxd8+ Kxd8 10. bxc3 Bc5 11. Bg5+ Be7 12. O-O Bxg5 13. Nxg5 h6 14. Ne6+ Bxe6 15. Bxe6 Nf6 16. e5 Nfd7 17. Na3 Re8 18. Bf7 Rxe5 19. Nc4 Re7 20. Nd6 Nf6 21. Rad1 Kc7 22. Bg6 Nbd7 23. Nf5 Re5 24. Rfe1 Rd8 25. Nxg7 Rg8 26. Ne6+ Rxe6 27. Rxe6 Rxg6 28. Rdd6 h5 29. h3 a5 30. a4 h4 31. Kf1 Rg3 32. Rxf6 Nxf6 33. Rxf6 Rxc3 34. Rf4 b5 35. axb5 cxb5 36. Rxh4 a4 37. Rh7+ Kb6 38. Rh8 a3 39. Rb8+ Kc7 40. Rxb5 a2 41. Ra5 Rc1+ 42. Kf2 a1=Q 43. Rxa1 Rxa1 44. Kf3 Kd6 45. Kf4 Ra5 46. h4 Ke6 47. g4 Kf6 48. Ke4 Ra4+ 49. Kf3 Ke5 0-1

[Event "Take 5 2026.03"]
[Site "Montreal CAN"]
[Date "2026.03.15"]
[Round "5.4"]
[White "Coquilla, Konner-Virgo"]
[Black "Nassif, Aba"]
[Result "1-0"]
[WhiteElo "1398"]
[BlackElo "2003"]
[WhiteFideId "-1"]
[BlackFideId "-1"]
[PlyCount "115"]
[GameId "2289088449161727"]
[EventDate "2026.03.13"]
[EventType "swiss"]
[EventRounds "5"]
[EventCountry "CAN"]

1. d4 Nf6 2. c4 e6 3. g3 d5 4. Bg2 Be7 5. Nf3 O-O 6. O-O dxc4 7. Nbd2 b5 8. a4 c6 9. Qc2 Nd5 10. axb5 cxb5 11. Ne5 Bb7 12. Ne4 Nb4 13. Qd1 Bd5 14. Nc3 Bxg2 15. Kxg2 N8c6 16. Nxc6 Nxc6 17. e3 b4 18. Ne2 Qb6 19. Qc2 Qb5 20. Bd2 c3 21. Bc1 cxb2 22. Bxb2 a5 23. Ra4 Rfc8 24. Qd1 Bd6 25. Nc1 b3 26. Qxb3 Qxb3 27. Nxb3 Rab8 28. Ba3 Bb4 29. Nc5 Bxa3 30. Rxa3 g5 31. Nb3 Rb5 32. Rc1 a4 33. Nc5 e5 34. Ne4 Ne7 35. Rxc8+ Nxc8 36. Rxa4 Nb6 37. Ra7 exd4 38. exd4 Nc4 39. d5 h6 40. Rc7 Ne5 41. d6 Kf8 42. Nf6 g4 43. Rc8+ Kg7 44. d7 Nxd7 45. Nxd7 Rd5 46. Nb6 Rb5 47. Nc4 h5 48. Rc7 Rf5 49. Ne3 Ra5 50. h3 gxh3+ 51. Kxh3 Kg6 52. Rc4 Ra2 53. Rf4 f6 54. Nf5 Kg5 55. Nh4 Ra5 56. Nf3+ Kg6 57. Rh4 Ra3 58. Kg2 {...} 1-0

[Event "Take 5 2026.03"]
[Site "Montreal CAN"]
[Date "2026.03.15"]
[Round "5.5"]
[White "Gamache, Lucien"]
[Black "Vlasov, Alexander"]
[Result "1/2-1/2"]
[WhiteElo "1611"]
[BlackElo "1741"]
[WhiteFideId "-1"]
[BlackFideId "-1"]
[PlyCount "75"]
[GameId "2289088449161728"]
[EventDate "2026.03.13"]
[EventType "swiss"]
[EventRounds "5"]
[EventCountry "CAN"]

1. d4 e6 2. Nf3 d5 3. e3 Nf6 4. Bd3 Be7 5. b3 Nbd7 6. Bb2 Ne4 7. O-O f5 8. c4 O-O 9. Nc3 c6 10. Ne5 Rf6 11. f4 Nxe5 12. fxe5 Rh6 13. Qc2 Bg5 14. Rae1 Qe8 15. g3 Qh5 16. Qg2 Bd7 17. Nd1 Rf8 18. Bxe4 dxe4 19. Ba3 Re8 20. Qf2 Be7 21. Bxe7 Rxe7 22. Nc3 Qg4 23. Qe2 Qg5 24. Rf4 Be8 25. Qf2 Rf7 26. Rf1 Qh5 27. Qe2 Qh3 28. Qg2 Qh5 29. c5 Qg5 30. Na4 Qe7 31. Nb2 Rf8 32. Nc4 Bh5 33. Nd2 Rd8 34. h3 Rg6 35. Kh2 Rg5 36. b4 a5 37. a3 axb4 38. axb4 1/2-1/2

[Event "Take 5 2026.03"]
[Site "Montreal CAN"]
[Date "2026.03.15"]
[Round "5.6"]
[White "Sychev, Danila"]
[Black "Ivanov Yuan, Maksim"]
[Result "1-0"]
[WhiteElo "1584"]
[BlackElo "1743"]
[WhiteFideId "-1"]
[BlackFideId "-1"]
[PlyCount "73"]
[GameId "2289088449161729"]
[EventDate "2026.03.13"]
[EventType "swiss"]
[EventRounds "5"]
[EventCountry "CAN"]

1. d4 f5 2. c4 Nf6 3. Nc3 g6 4. h4 Bg7 5. h5 Nxh5 6. e4 Nf6 7. e5 Ne4 8. Nxe4 fxe4 9. Qg4 d5 10. e6 Qd6 11. Rxh7 Qxe6 12. Qxe6 Bxe6 13. Rxg7 Bf7 14. cxd5 Kf8 15. Rxf7+ Kxf7 16. Bf4 Nd7 17. Nh3 Rhc8 18. Ng5+ Kg8 19. Bc4 Kg7 20. Ne6+ Kh7 21. Ke2 Nf6 22. Rh1+ Kg8 23. Nxc7 Kg7 24. Bb3 Rh8 25. Ne6+ Kf7 26. Rc1 Rac8 27. Rxc8 Rxc8 28. Nc5 Kg7 29. Nxb7 Ne8 30. Be5+ Kh6 31. d6 Nxd6 32. Nxd6 exd6 33. Bxd6 Rd8 34. Be5 Kg5 35. d5 Kf5 36. Bc7 Rd7 37. d6 1-0

[Event "Take 5 2026.03 Special"]
[Site "Montreal CAN"]
[Date "2026.03.15"]
[Round "5"]
[White "Lesperance, Milan"]
[Black "Lillo, Matteo"]
[Result "0-1"]
[WhiteElo "1392"]
[BlackElo "1683"]
[WhiteFideId "-1"]
[BlackFideId "-1"]
[PlyCount "58"]
[GameId "2289088449161730"]
[EventDate "2026.03.13"]
[EventType "swiss"]
[EventRounds "5"]
[EventCountry "CAN"]

1. c4 Nf6 2. d4 g6 3. Nc3 Bg7 4. Nf3 O-O 5. e3 d6 6. Be2 Nbd7 7. O-O e5 8. b3 c6 9. dxe5 dxe5 10. Bb2 e4 11. Nd2 Qe7 12. Qc2 Re8 13. Rfd1 Nf8 14. a3 g5 15. b4 g4 16. c5 Bf5 17. Nc4 Bg6 18. Nd6 Red8 19. Rd2 Ne6 20. Rad1 Ng5 21. b5 h5 22. bxc6 bxc6 23. Nf5 Bxf5 24. Rd6 h4 25. Qd2 Rdb8 26. Rxc6 g3 27. hxg3 hxg3 28. fxg3 Qe5 29. Nxe4 Rxb2 0-1

[Event "Take 5 2026.03 U1600"]
[Site "Montreal CAN"]
[Date "2026.03.13"]
[Round "1.10"]
[White "Gauvin, Mathieu"]
[Black "Levesque, Christopher"]
[Result "1-0"]
[WhiteElo "1390"]
[BlackElo "917"]
[WhiteFideId "-1"]
[BlackFideId "-1"]
[PlyCount "65"]
[GameId "2289088449161731"]
[EventDate "2026.03.13"]
[EventType "swiss"]
[EventRounds "5"]
[EventCountry "CAN"]

1. e4 c6 2. Nc3 d5 3. Qf3 e6 4. d4 Nd7 5. Bd3 Bd6 6. e5 Bxe5 7. dxe5 Nxe5 8. Qg3 Qf6 9. f4 Nxd3+ 10. Qxd3 Ne7 11. Nf3 O-O 12. Bd2 Qg6 13. Qxg6 Nxg6 14. O-O-O b5 15. g4 f5 16. g5 Rd8 17. Be3 e5 18. Nxe5 Nxe5 19. fxe5 f4 20. Bxf4 Bg4 21. Rde1 Rf8 22. Rhf1 Bh3 23. Rf2 d4 24. Ne4 Rad8 25. Bg3 Rf5 26. Rxf5 Bxf5 27. Nd6 Be6 28. Re4 c5 29. Nxb5 d3 30. Nd6 Rf8 31. Rf4 Rf5 32. Rxf5 Bxf5 33. Nxf5 1-0

[Event "Take 5 2026.03 U1600"]
[Site "Montreal CAN"]
[Date "2026.03.13"]
[Round "1.8"]
[White "Thompson, Mitchell"]
[Black "Pepin, Pierre-Luc"]
[Result "1-0"]
[WhiteElo "1401"]
[BlackElo "1151"]
[WhiteFideId "-1"]
[BlackFideId "-1"]
[PlyCount "25"]
[GameId "2289088449161733"]
[EventDate "2026.03.13"]
[EventType "swiss"]
[EventRounds "5"]
[EventCountry "CAN"]

1. e4 e6 2. d4 d5 3. exd5 exd5 4. Nf3 c6 5. Bd3 Bd6 6. O-O Be7 7. Re1 Nf6 8. Bf4 O-O 9. Nc3 Re8 10. Ng5 Bg4 11. Bxh7+ Nxh7 12. Qxg4 Nxg5 13. Bxg5 1-0

[Event "Take 5 2026.03 U1600"]
[Site "Montreal CAN"]
[Date "2026.03.13"]
[Round "1.9"]
[White "Lesperance, Milan"]
[Black "Panier, Eric"]
[Result "1-0"]
[WhiteElo "1392"]
[BlackElo "1091"]
[WhiteFideId "-1"]
[BlackFideId "-1"]
[PlyCount "37"]
[GameId "2289088449161734"]
[EventDate "2026.03.13"]
[EventType "swiss"]
[EventRounds "5"]
[EventCountry "CAN"]

1. d4 c6 2. c4 d5 3. Nc3 Bf5 4. Qb3 Qb6 5. Qxb6 axb6 6. cxd5 c5 7. dxc5 bxc5 8. e4 Bd7 9. Bf4 Na6 10. a3 Nb4 11. Kd2 Nf6 12. Nf3 e6 13. Bc4 exd5 14. axb4 Rxa1 15. Rxa1 dxc4 16. Ra8+ Ke7 17. bxc5 h6 18. Bd6+ Ke6 19. Nd4# 1-0

[Event "Take 5 2026.03 U1600"]
[Site "Montreal CAN"]
[Date "2026.03.14"]
[Round "2.7"]
[White "Lesperance, Milan"]
[Black "Gauthier, Luc"]
[Result "1-0"]
[WhiteElo "1392"]
[BlackElo "1508"]
[WhiteFideId "-1"]
[BlackFideId "-1"]
[PlyCount "79"]
[GameId "2289088449161736"]
[EventDate "2026.03.13"]
[EventType "swiss"]
[EventRounds "5"]
[EventCountry "CAN"]

1. c4 Nc6 2. Nc3 e5 3. g3 f5 4. Bg2 Nf6 5. d3 Bb4 6. Bd2 d6 7. Nf3 O-O 8. O-O Bxc3 9. Bxc3 Qe8 10. Qd2 h6 11. b4 e4 12. Nd4 Qh5 13. Nxc6 bxc6 14. Bxf6 Rxf6 15. dxe4 f4 16. Qd3 Bg4 17. Bf3 fxg3 18. fxg3 Raf8 19. Bxg4 Qxg4 20. Rxf6 Rxf6 21. Rf1 Rxf1+ 22. Kxf1 Qh3+ 23. Kg1 Qe6 24. c5 Qxa2 25. cxd6 cxd6 26. Qxd6 Qb1+ 27. Kf2 Qxe4 28. Qd8+ Kf7 29. Qd7+ Qe7 30. Qxe7+ Kxe7 31. Ke3 Ke6 32. Kd4 Kd6 33. e4 c5+ 34. bxc5+ Kc6 35. Kc4 a5 36. e5 a4 37. e6 Kc7 38. Kb4 Kd8 39. Kxa4 Ke7 40. Kb5 1-0

[Event "Take 5 2026.03 U1600"]
[Site "Montreal CAN"]
[Date "2026.03.14"]
[Round "3.10"]
[White "Thompson, Mitchell"]
[Black "Lesperance, Milan"]
[Result "0-1"]
[WhiteElo "1401"]
[BlackElo "1392"]
[WhiteFideId "-1"]
[BlackFideId "-1"]
[PlyCount "78"]
[GameId "2289088449161738"]
[EventDate "2026.03.13"]
[EventType "swiss"]
[EventRounds "5"]
[EventCountry "CAN"]

1. e4 c5 2. Nf3 Nc6 3. d4 cxd4 4. Nxd4 g6 5. Nc3 Bg7 6. Be3 Nf6 7. f3 O-O 8. Qd3 d5 9. exd5 Nxd5 10. Nxd5 Qxd5 11. Nxc6 Qxc6 12. c3 Bf5 13. Qc2 Rfd8 14. Qc1 Bd3 15. Bxd3 Rxd3 16. O-O Rad8 17. Rb1 Qa4 18. a3 Qh4 19. Bg5 Qc4 20. Bxe7 Re8 21. Re1 Rxe7 22. Rxe7 Qc5+ 23. Kh1 Qxe7 24. Qf4 Qd8 25. Re1 Rd1 26. Qe4 Rxe1+ 27. Qxe1 Bf6 28. g3 Qe7 29. Qd2 Bg5 30. f4 Bf6 31. Kg2 Qe4+ 32. Kg1 Be7 33. h3 Qf3 34. Kh2 Bc5 35. Qd8+ Kg7 36. h4 Qf2+ 37. Kh3 Qf1+ 38. Kh2 Qg1+ 39. Kh3 Qh1+ 0-1

[Event "Take 5 2026.03 U1600"]
[Site "Montreal CAN"]
[Date "2026.03.14"]
[Round "3.11"]
[White "Gauvin, Mathieu"]
[Black "Kalivarapu, Ishan"]
[Result "0-1"]
[WhiteElo "1390"]
[BlackElo "1246"]
[WhiteFideId "-1"]
[BlackFideId "-1"]
[PlyCount "64"]
[GameId "2289088449161739"]
[EventDate "2026.03.13"]
[EventType "swiss"]
[EventRounds "5"]
[EventCountry "CAN"]

1. e4 e5 2. Nf3 Nc6 3. Bc4 Bc5 4. d4 exd4 5. c3 dxc3 6. Bxf7+ Kxf7 7. Qd5+ Ke8 8. Qh5+ Kf8 9. Qxc5+ d6 10. Qxc3 Nf6 11. Bg5 Nxe4 12. Qe3 Nxg5 13. Nxg5 Qe7 14. O-O Qxe3 15. fxe3+ Ke8 16. Rf7 h6 17. Rxg7 hxg5 18. Nc3 Ne7 19. Nb5 Kd7 20. Nxc7 Kxc7 21. Rxe7+ Kb6 22. Rc1 a6 23. h3 g4 24. hxg4 Bxg4 25. Rcc7 Rab8 26. Rg7 Be6 27. b3 Rhg8 28. Rge7 Rge8 29. Rxb7+ Rxb7 30. Rxe8 Bd5 31. e4 Bc6 32. Kf2 Bxe8 0-1

[Event "Take 5 2026.03 U1600"]
[Site "Montreal CAN"]
[Date "2026.03.14"]
[Round "3.9"]
[White "Gauthier, Luc"]
[Black "Lesperance, Charles"]
[Result "1/2-1/2"]
[WhiteElo "1508"]
[BlackElo "1293"]
[WhiteFideId "-1"]
[BlackFideId "-1"]
[PlyCount "83"]
[GameId "2289088449161741"]
[EventDate "2026.03.13"]
[EventType "swiss"]
[EventRounds "5"]
[EventCountry "CAN"]

1. e4 c5 2. Nc3 a6 3. g3 d6 4. d3 Nf6 5. Bg2 Nc6 6. f4 e6 7. Nf3 Be7 8. O-O O-O 9. h3 Qc7 10. Ne2 e5 11. f5 d5 12. Nc3 dxe4 13. dxe4 Rd8 14. Qe1 Nd4 15. Qf2 b5 16. Bg5 b4 17. Bxf6 bxc3 18. Bxe7 Nxf3+ 19. Qxf3 Qxe7 20. Qxc3 Bb7 21. Rad1 Rd4 22. Rde1 Rad8 23. Qf3 Rd2 24. f6 Qxf6 25. Qb3 Qe7 26. Re3 Rb8 27. Ref3 Rf8 28. Qc3 Qd6 29. Rf5 Rxg2+ 30. Kxg2 Bxe4+ 31. Kh2 Bxf5 32. Rxf5 Rd8 33. Rxe5 Qf6 34. Qe3 g6 35. c4 Kg7 36. b3 Rd1 37. Qe2 Rd2 38. Qxd2 Qxe5 39. Kg2 Qe4+ 40. Kf2 Qf5+ 41. Kg2 Qe4+ 42. Kf2 1/2-1/2

[Event "Take 5 2026.03 U1600"]
[Site "Montreal CAN"]
[Date "2026.03.15"]
[Round "4.10"]
[White "Pepin, Pierre-Luc"]
[Black "Panier, Eric"]
[Result "0-1"]
[WhiteElo "1151"]
[BlackElo "1091"]
[WhiteFideId "-1"]
[BlackFideId "-1"]
[PlyCount "32"]
[GameId "2289088449161742"]
[EventDate "2026.03.13"]
[EventType "swiss"]
[EventRounds "5"]
[EventCountry "CAN"]

1. d4 c6 2. e4 d5 3. exd5 cxd5 4. g3 Nf6 5. Bg2 Bg4 6. Qd3 e6 7. Qb5+ Qd7 8. Qxd7+ Nbxd7 9. a3 Bd6 10. Nc3 a6 11. Bd2 Rc8 12. Bf3 Bf5 13. O-O-O O-O 14. h3 b5 15. Kb1 Ne4 16. Nxe4 dxe4 0-1

[Event "Take 5 2026.03 U1600"]
[Site "Montreal CAN"]
[Date "2026.03.15"]
[Round "4.7"]
[White "Kalivarapu, Ishan"]
[Black "Lesperance, Milan"]
[Result "0-1"]
[WhiteElo "1246"]
[BlackElo "1392"]
[WhiteFideId "-1"]
[BlackFideId "-1"]
[PlyCount "108"]
[GameId "2289088449161743"]
[EventDate "2026.03.13"]
[EventType "swiss"]
[EventRounds "5"]
[EventCountry "CAN"]

1. e4 c5 2. Nf3 Nc6 3. d4 cxd4 4. Nxd4 g6 5. Nc3 Bg7 6. Nxc6 bxc6 7. Bd3 d6 8. O-O Nf6 9. Be3 O-O 10. f4 Ng4 11. Qf3 c5 12. f5 Nxe3 13. Rfe1 Bd4 14. Nb5 Nxc2+ 15. Nxd4 Nxd4 16. Qf4 Kg7 17. e5 Bxf5 18. Bxf5 Nxf5 19. g4 Nd4 20. Rad1 h6 21. h4 Qd7 22. h5 Qa4 23. Qf2 dxe5 24. b3 Qc6 25. Re3 Rad8 26. Rf1 Qd5 27. Rh3 Qe6 28. Qg2 Rh8 29. hxg6 Qxg6 30. Rg3 h5 31. Rd1 h4 32. Rh3 Qg5 33. Kh1 Ne6 34. Rxd8 Rxd8 35. Qg1 Nf4 36. Rf3 h3 37. Qxc5 Kh7 38. Qc1 Qxg4 39. Rxf4 Qxf4 40. Qxf4 exf4 41. a4 f3 42. Kh2 e5 43. Kg3 e4 44. Kf2 Rd2+ 45. Kg1 e3 46. b4 e2 47. Kf2 Rd1 48. Kxf3 e1=Q 49. b5 Rd3+ 50. Kf4 Qe3+ 51. Kg4 Qf3+ 52. Kh4 Rd4+ 53. Kg5 Qg3+ 54. Kh5 Qg6# 0-1

[Event "Take 5 2026.03 U1600"]
[Site "Montreal CAN"]
[Date "2026.03.15"]
[Round "4.8"]
[White "Lesperance, Charles"]
[Black "Thompson, Mitchell"]
[Result "0-1"]
[WhiteElo "1293"]
[BlackElo "1401"]
[WhiteFideId "-1"]
[BlackFideId "-1"]
[PlyCount "48"]
[GameId "2289088449161744"]
[EventDate "2026.03.13"]
[EventType "swiss"]
[EventRounds "5"]
[EventCountry "CAN"]

1. c4 e5 2. Nc3 Nf6 3. e3 Bb4 4. Nge2 b6 5. a3 Bxc3 6. bxc3 Bb7 7. d4 Qe7 8. d5 O-O 9. g3 d6 10. Bg2 Nbd7 11. O-O Nc5 12. Qc2 Rac8 13. e4 Ba6 14. f4 Bxc4 15. fxe5 Qxe5 16. Rf5 Qe7 17. Bg5 Nfxe4 18. Raf1 Nxg5 19. Rxg5 Qe3+ 20. Kh1 Qxg5 21. Nf4 Rfe8 22. Rd1 Re5 23. Qa4 b5 24. Qa6 Rce8 0-1

[Event "Take 5 2026.03 U1600"]
[Site "Montreal CAN"]
[Date "2026.03.15"]
[Round "4.9"]
[White "Gauthier, Luc"]
[Black "Gauvin, Mathieu"]
[Result "0-1"]
[WhiteElo "1508"]
[BlackElo "1390"]
[WhiteFideId "-1"]
[BlackFideId "-1"]
[PlyCount "54"]
[GameId "2289088449161745"]
[EventDate "2026.03.13"]
[EventType "swiss"]
[EventRounds "5"]
[EventCountry "CAN"]

1. e4 e5 2. f4 d5 3. exd5 exf4 4. Nf3 Nf6 5. Bc4 Nxd5 6. O-O Be6 7. Bb3 Nc6 8. d4 g5 9. c4 Ne3 10. Bxe3 fxe3 11. d5 Bc5 12. Qe2 g4 13. dxc6 gxf3 14. gxf3 Rg8+ 15. Kh1 Qg5 16. cxb7 Rb8 17. Ba4+ Kf8 18. Nc3 Bxc4 19. f4 Bxe2 20. fxg5 Bxf1 21. Rxf1 Rxb7 22. Rf5 Bd4 23. Bb3 c6 24. Ne2 Bxb2 25. Nf4 Kg7 26. Nd3 e2 27. Rf2 Re8 0-1